Els Ocells del Vallès Oriental / Josep Ribas ; cartografia: Xavier Pons ; fotografia: Francesc Muntada Xavier Pons ; fotografia:
ISBN:
84-87334-29-6
Descripción Física:
453 p. : il. col., gràf., fot., mapes ; 24 cm
MARC
| LEADER | 00000nam a2200000Ia 4500 | ||
|---|---|---|---|
| 001 | 16803 | ||
| 008 | 160829s2000 xx 000 0 cat d | ||
| 020 | |a 84-87334-29-6 | ||
| 080 | |a C-2-368 | ||
| 100 | |a Ribas, Josep |9 28936 | ||
| 245 | |a Els Ocells del Vallès Oriental / Josep Ribas ; cartografia: |b Xavier Pons ; fotografia: |b Francesc Muntada | ||
| 260 | |a Barcelona : |b Lynx Edicions, |c 2000 | ||
| 300 | |a 453 p. : |b il. col., gràf., fot., mapes ; |c 24 cm | ||
| 590 | |a Bibliografia. | ||
| 590 | |a Índex | ||
| 650 | |a Ocells |x Vallès Oriental |9 28937 | ||
| 650 | |a Zoogeografia |x Vallés Oriental |9 28938 | ||
| 700 | |a Pons, Xavier |9 28939 | ||
| 700 | |a Muntada, Francesc, fot. |9 28940 | ||
| 901 | |a Arxiu | ||
| 942 | |n 1 | ||
| 952 | |0 0 |1 0 |4 0 |6 C2368 |7 1 |9 44980 |a Arxiu |b Arxiu |d 2016-12-01 |l 0 |o C-2-368 |p 16803 |r 2016-12-01 00:00:00 |w 2016-12-01 |y ARXIU | ||
| 999 | |c 47583 |d 47583 | ||